00301nam a2200133Ia 4500008004100000100001400041245003100055250001200086260001500098300000800113650002400121942000700145999001500152190216s9999||||xx |||||||||||||| ||und|| aJack Hine 0aPhysical Organic Chemistry a2nd Ed. bNullc1962 a552 aChemistry-Chemistry cBK c2297d2297